MARC

LEADER 00000nam0a2200000 4500
001 366547
005 20231102011907.0
035 |a (RuTPU)RU\TPU\retro\23910 
090 |a 366547 
100 |a 20220210d1979 m y0rusy50 ca 
101 0 |a rus 
102 |a RU 
105 |a y g 000zy 
200 1 |a Третий семестр. Справочное пособие по организации деятельности студенческих отрядов  |f Е. Артемьв, В. Вавилов, С. Жадовский [и др.] 
210 |a Москва  |c Молодая гвардия  |d 1979 
215 |a 191 с. 
225 1 |a Всесоюзный студенческий отряд 
606 1 |a Комсомольские организации и их работа  |2 stltpush  |3 (RuTPU)RU\TPU\subj\15190  |9 41454 
606 1 |a Студенческие отряды строительные  |2 stltpush  |3 (RuTPU)RU\TPU\subj\57973  |9 75818 
610 1 |a справочники 
610 1 |a организационное строение 
610 1 |a производственная деятельность 
610 1 |a идейно-воспитательная работа 
610 1 |a охрана труда 
610 1 |a техника безопасности 
610 1 |a медико-санитарное обслуживание 
610 1 |a финансирование 
610 1 |a оплата труда 
686 |a Ф75(2)14я2  |v LBC/SL-A  |2 rubbk 
686 |a Ч481.43я2  |v LBC/SL-A  |2 rubbk 
701 1 |a Артемьв  |b Е. 
701 1 |a Вавилов  |b В. 
701 1 |a Жадовский  |b С. 
701 1 |a Лияский  |b В. 
701 1 |a Элькинд  |b В. 
801 1 |a RU  |b 63413507  |c 20220210 
942 |c BK